| 000 | 01006nmc a2200373 a 4500 | ||
|---|---|---|---|
| 003 | AR-BaBNM | ||
| 005 | 20251128204109.0 | ||
| 008 | 306019s1984 ||||||||||||||000 | spa|| | ||
| 020 | _a950-25-0074-1 | ||
| 040 | _cAR-BaBNM | ||
| 100 | 1 | _aCosentino, José Armagno | |
| 245 | 1 | 0 | _aCarolina Muzilli |
| 260 |
_aBuenos Aires _bCentro Editor de América Latina _c1984 |
||
| 300 | 0 | _a110 p. | |
| 490 | 0 |
_aBiblioteca política argentina _vv. 75 |
|
| 500 | 0 | _aContiene: apéndice documental | |
| 600 | 1 | 4 | _aMuzilli, Carolina |
| 600 | 1 | 4 | _aLombroso, Gina |
| 600 | 1 | 4 | _aGálvez, Manuel |
| 600 | 1 | 4 | _aJusto, Juan B. |
| 650 | 4 | _aBIOGRAFIAS | |
| 650 | 4 | _aDERECHOS DE LA MUJER | |
| 650 | 4 | _aDERECHOS DEL NINO | |
| 650 | 4 | _aTRABAJADORAS | |
| 650 | 4 | _aTRABAJO DE MENORES | |
| 650 | 4 | _aSOCIALISMO | |
| 650 | 4 | _aSOCIALISMO | |
| 650 | 4 | _aSOCIALISTAS | |
| 650 | 4 | _aMUJERES EN LA VIDA POLITICA | |
| 655 | _aBIOGRAFIAS | ||
| 800 | 1 |
_aTroncoso, Oscar _edirector |
|
| 942 | _cBK | ||
| 998 | _cEnrique | ||
| 999 |
_c6158 _d6158 |
||